Filatelistické Listy , Roč.1 , 1946

Bibliographic Details
Format: Book
Language:Undetermined
Published: Brno Spolek čsl.filatelistů 1946

MARC

LEADER 00000nam a2200000 a 4500
001 vtls001371760
003 SK-MaSNL
005 20260224022801.0
008 240130s1946 xr 0 und
035 |a SNK000325582 
040 |a SNK  |b slo  |c SNK  |e AACR2 
044 |a xr  |c CZ 
245 1 |a Filatelistické Listy , Roč.1 , 1946 
260 |a Brno  |b Spolek čsl.filatelistů  |c 1946 
999 |c 808366  |d 810296 
952 |t P60, <06>, [BOOK], {606}  |a SNK  |b SNK  |y PREZ  |7 0  |p 17A0209709  |o snkČC 372/1/1946  |0 0  |1 1  |4 0  |d 1999-09-07  |l 0  |r 2005-01-02 00:00:00  |w 2026-02-24